000 00638nam a2200253Ia 4500
003 OSt
005 20221006144030.0
006 a|||||r|||| 00| 0
007 ta
008 221006b |||||||| |||| 00| 0 eng d
020 _c218,50
024 _a10,692
037 _cTextual
040 _aEASL
_cEASL
_beng
041 _2eng
_aeng
082 _aW691xM18:g, M0
100 _aCUMMINS Ian
245 0 _aMarx, Engels and national movements
260 _aLondon
_bCroom Helm
_c1980
300 _a206p.
_ccm.
490 _v Oth
942 _hW691xM18:g, M0
_cTEXL
_2CC
999 _c1078778
_d1078778